00738pam a2200229 a 4500001000800000005001700008008004100025010001700066020004200083040001800125041000800143080001500151082001900166100000700185101000800192245005400200504006600254906004500320942001200365999001700377952011400394301536420180220073903.0940622s1995 caua b 001 0 eng  a 94028667  a0534207901 (acidfree, recycled paper) aDLCcDLCdDLC aeng a658.45 MIL00a658.45 MIL2201 a54 aLID10aOrganizational communication :cKatherine Miller. aIncludes bibliographical references (p. 309-334) and indexes. a7bcbccorignewd1eocipf19gy-gencatlg 2ddccBK c42924d42924 00102udc40708PËKGa002b002cPËKGd2018-02-20l0o658.45 MILp002-2998283r2018-02-20w2018-02-20yBK